Tunnista julkkis silmistä - Statistics

Yleistilastot
  • Tätä visaa on pelattu 214 kertaa
  • Keskiarvotulos 14 / 37
Vastaustilastot
Kuvavisa Hint Vastaus % Oikein
Laulaja Kaija Koo
95%
Laulaja Lauri Tähkä
92%
Urheilija Teemu Selänne
86%
Poliitikko Sanna Marin
84%
Laulaja Elastinen
75%
Tubettaja Tuure Boelius
75%
Niko Saarinen
67%
Urheilija Kimi Räikkönen
64%
Näyttelijä Riku Nieminen
58%
Laulaja Suvi Teräsniska
58%
Näyttelijä Iina Kuustonen
57%
Juontaja Jaajo Linnonmaa
57%
Laulaja Danny
54%
Laulaja Eini
54%
Urheilija Krista Pärmäkoski
49%
Poliitikko Petteri Orpo
48%
Poliitikko Maria Ohisalo
38%
Urheilija Jesse Puljujärvi
36%
Urheilija Eva Wahlström
26%
Näyttelijä Lauri Tilkanen
26%
Näyttelijä Antti Luusuaniemi
19%
Urheilija Laura Lepistö
19%
Tanssija Ansku Bergström
18%
Laulaja Ressu Redford
17%
Urheilija Kerttu Niskanen
15%
Urheilija Petra Olli
15%
Nanna Karalahti
14%
Urheilija Teemu Pukki
13%
Somevaikuttaja Rosanna Kulju
11%
Malli Viivi Aaltonen
11%
Urheilija Lotta Harala
9%
Malli/Fitness Sofia Belorf
8%
Urheilija Annimari Korte
7%
Näyttelijä Nora Rinne
7%
Laulaja Antti Ketonen
3%
Näyttelijä Jasmin Hamid
2%
Näyttelijä Laura Birn
2%
Ehtoja vastaavia visoja ei löytynyt
Tulosjakauma
Jokaisen tuloksen saaneiden osuus
Persentiili vastausten määrän mukaan
Tuloshistoriasi
Et ole pelannut tätä visaa